Т. 12: Северный Кавказ. Период 1946-1950. Вып. 1: Опубликованные работы; Геологическая изученность СССР

Chi tiết về thư mục
Parent link:Геологическая изученность СССР: [обзорные главы, рефераты, аннотации и библиографические справки]/ Академия Наук СССР, Комиссия по геологической изученности СССР. Т. 12: Северный Кавказ. Период 1946-1950. Вып. 1: Опубликованные работы.— , 1961-1988
Tác giả khác: Наливкин Д. В. Дмитрий Васильевич
Ngôn ngữ:Tiếng Nga
Được phát hành: 1967
Những chủ đề:
Định dạng: Sách
KOHA link:https://koha.lib.tpu.ru/cgi-bin/koha/opac-detail.pl?biblionumber=209587

MARC

LEADER 00000nam2a2200000 4500
001 209587
005 20231031191829.0
035 |a (RuTPU)RU\TPU\book\228926 
090 |a 209587 
100 |a 20120214d1967 k y0rusy50 ca 
101 0 |a rus 
102 |a RU 
105 |a y ad 001zy 
200 0 |a Т. 12: Северный Кавказ. Период 1946-1950. Вып. 1: Опубликованные работы  |f гл. ред. Д. В. Наливкин 
210 |d 1967 
215 |a 224 с. 
320 |a Авторский указатель: с. 209-211. 
320 |a Предметно-систематический указатель: с. 211-213. 
320 |a Географический указатель: с. 213-219. 
320 |a Указатель минералов, полезных ископаемых и месторождений: с. 219-222. 
461 1 |0 (RuTPU)RU\TPU\book\58444  |t Геологическая изученность СССР  |o [обзорные главы, рефераты, аннотации и библиографические справки]  |f Академия Наук СССР, Комиссия по геологической изученности СССР  |v Т. 12: Северный Кавказ. Период 1946-1950. Вып. 1: Опубликованные работы  |d 1961-1988 
610 1 |a геология 
610 1 |a геологическая изученность 
610 1 |a геологические исследования 
610 1 |a СССР 
610 1 |a геологическое районирование 
610 1 |a Северный Кавказ 
610 1 |a стратиграфия 
610 1 |a палеонтология 
610 1 |a четвертичные отложения 
610 1 |a геоморфология 
610 1 |a минералогия 
610 1 |a петрография 
610 1 |a геохимия 
610 1 |a тектоника 
610 1 |a опубликованные источники 
610 1 |a рефераты 
610 1 |a библиографические пособия 
675 |a 55(47+57)  |v 3 
675 |a 55(470.6)  |v 3 
702 1 |a Наливкин  |b Д. В.  |g Дмитрий Васильевич  |4 651 
801 1 |a RU  |b 63413507  |c 20120214 
801 2 |a RU  |b 63413507  |c 20140522  |g RCR 
942 |c BK